Environmental analytical chemistry / (Record no. 330219)
[ view plain ]
| 000 -LEADER | |
|---|---|
| fixed length control field | 01151cam a2200277 a 4500 |
| 001 - CONTROL NUMBER | |
| control field | 75004 |
| 003 - CONTROL NUMBER IDENTIFIER | |
| control field | NUST |
| 005 - DATE AND TIME OF LATEST TRANSACTION | |
| control field | 20170614110712.0 |
| 008 - FIXED-LENGTH DATA ELEMENTS--GENERAL INFORMATION | |
| fixed length control field | 950323s1995 enka b 001 0 eng |
| 010 ## - LIBRARY OF CONGRESS CONTROL NUMBER | |
| LC control number | 95076277 |
| 020 ## - INTERNATIONAL STANDARD BOOK NUMBER | |
| International Standard Book Number | 0751400521 (pbk.) |
| 040 ## - CATALOGING SOURCE | |
| Original cataloging agency | DLC |
| Transcribing agency | DLC |
| Modifying agency | DLC |
| 042 ## - AUTHENTICATION CODE | |
| Authentication code | pcc |
| 050 00 - LIBRARY OF CONGRESS CALL NUMBER | |
| Classification number | TD193 |
| Item number | .E542 1995 |
| 082 ## - DEWEY DECIMAL CLASSIFICATION NUMBER | |
| Classification number | 577.14 FIF |
| 245 00 - TITLE STATEMENT | |
| Title | Environmental analytical chemistry / |
| Statement of responsibility, etc. | Edited by F.W. Fifield and P.J. Haines. |
| 260 ## - PUBLICATION, DISTRIBUTION, ETC. | |
| Place of publication, distribution, etc. | London ; |
| -- | New York : |
| Name of publisher, distributor, etc. | Blackie Academic & Professional, |
| Date of publication, distribution, etc. | 1995 |
| Date of manufacture | (1997 printing) |
| 300 ## - PHYSICAL DESCRIPTION | |
| Extent | xvi, 424 p. : |
| Other physical details | ill. ; |
| Dimensions | 25 cm. |
| 500 ## - GENERAL NOTE | |
| General note | P.B |
| 504 ## - BIBLIOGRAPHY, ETC. NOTE | |
| Bibliography, etc. note | Includes bibliographical references and index. |
| 650 #0 - SUBJECT ADDED ENTRY--TOPICAL TERM | |
| Topical term or geographic name entry element | Environmental chemistry. |
| 9 (RLIN) | 441 |
| 650 #0 - SUBJECT ADDED ENTRY--TOPICAL TERM | |
| Topical term or geographic name entry element | Chemistry, Analytic. |
| 9 (RLIN) | 705 |
| 700 1# - ADDED ENTRY--PERSONAL NAME | |
| Personal name | Fifield, F. W. |
| Fuller form of name | (Frederick William) |
| 9 (RLIN) | 2642 |
| 700 1# - ADDED ENTRY--PERSONAL NAME | |
| Personal name | Haines, P. J. |
| Fuller form of name | (Peter J.) |
| 9 (RLIN) | 2643 |
| 856 42 - ELECTRONIC LOCATION AND ACCESS | |
| Materials specified | Publisher description |
| Uniform Resource Identifier | <a href="http://www.loc.gov/catdir/enhancements/fy0745/95076277-d.html">http://www.loc.gov/catdir/enhancements/fy0745/95076277-d.html</a> |
| 906 ## - LOCAL DATA ELEMENT F, LDF (RLIN) | |
| a | 7 |
| b | cbc |
| c | orignew |
| d | 2 |
| e | opcn |
| f | 19 |
| g | y-gencatlg |
| 942 ## - ADDED ENTRY ELEMENTS (KOHA) | |
| Source of classification or shelving scheme | |
| Koha item type | Book |
| Call number prefix | IESE |
| Withdrawn status | Lost status | Source of classification or shelving scheme | Damaged status | Not for loan | Collection code | Permanent Location | Current Location | Shelving location | Date acquired | Total Checkouts | Full call number | Barcode | Date last seen | Price effective from | Koha item type |
|---|---|---|---|---|---|---|---|---|---|---|---|---|---|---|---|
| Institute of Environmental Science and Engineering (IESE) | Institute of Environmental Science and Engineering (IESE) | General Stacks | 06/14/2017 | 577.14 FIF | IESE-1033 | 06/14/2017 | 06/14/2017 | Book |
